Obálka Náhled e-knihy:
Epub
Pro půjčování e-knih musíte být přihlášeni.
Jak si půjčit online?

Svatá /

Příběh o lásce, víře a nekonečné vůli vychází ze skutečných událostí, které se odehrály v devatenáctém století na Broumovsku.

Uloženo v:
Hlavní autor: Zeithammerová, Sára, 1997- (Autor)
Médium: E-kniha
Jazyk:Czech
Vydáno: Praha : Listen, 2025
Vydání:Vydání první
Témata:
Tagy:
Žádné tagy
LEADER 02147nam a2200385 i 4500
001 302535
003 CZ PrSKC
005 20260513063241.0
007 ta
008 250520s2025 xr g 000 f cze
015 |a cnb003611539 
020 |a 9788028400521  |q (vázáno) 
035 |a (OCoLC)1527577234 
040 |a ABG001  |b cze  |d ABA001  |e rda 
072 7 |a 821.162.3-3  |x Česká próza  |2 Konspekt 
080 |a 821.162.3-31  |2 MRF 
080 |a (0:82-31)  |2 MRF 
100 1 |a Zeithammerová, Sára,  |d 1997-  |7 xx0279254  |4 aut 
245 1 0 |a Svatá /  |c Sára Zeithammerová 
250 |a Vydání první 
264 1 |a Praha :  |b Listen,  |c 2025 
300 |a 356 stran ;  |c 21 cm 
336 |a text  |b txt  |2 rdacontent 
337 |a bez média  |b n  |2 rdamedia 
338 |a svazek  |b nc  |2 rdacarrier 
500 |a "Vydala Euromedia Group, a.s., v edici Listen"--Tiráž 
520 2 |a Příběh o lásce, víře a nekonečné vůli vychází ze skutečných událostí, které se odehrály v devatenáctém století na Broumovsku.  |b Život ovdovělé hospodské Aloisie se obrátí vzhůru nohama ve chvíli, kdy se její dceři Kristě zjeví v lese Panna Maria. Třebaže ji krom Kristy nikdo neviděl, zpráva o zjevení se rychle rozkřikne, do zapomenutého kraje začnou proudit zástupy a zadlužená hospoda konečně prosperuje. Krista je stejnou měrou okolím adorována i nenáviděna. Sama Aloisie neví, na kterou stranu se přiklonit. Je její dcera lhářka, nebo vizionářka? A zjevuje se v lese skutečně Matka Boží, nebo něco mnohem děsivějšího? Nakladatelská anotace. Kráceno. 
655 7 |a české romány  |7 fd133974  |2 czenas 
655 9 |a Czech fiction  |2 eczenas 
900 |a ABA001  |b 19 
928 9 |a Euromedia Group - Listen 
044 |a xr 
910 |a RBIT002 
998 |d 420067  |a https://core.palmknihy.cz/api/books/420067/cover?sv7z92  |b https://core.palmknihy.cz/api/books/420067/cover/400?sv7z92  |c https://core.palmknihy.cz/api/books/420067/cover/50?sv7z92  |e 2030-11-15  |g 360  |i 9788028400521  |j https://core.palmknihy.cz/api/books/420067/preview.epub  |l   |q 49  |r 1  |s https://www.palmknihy.cz/kniha/420067  |t ebook  |y 2025  |z 0 
999 |d 302533